| 000 | 01007cam a2200277 a 4500 | ||
|---|---|---|---|
| 999 |
_c128414 _d128414 |
||
| 001 | 1051827 | ||
| 003 | ARRUPE | ||
| 005 | 20181031122641.0 | ||
| 008 | 900806s1991 enk d 000 0 eng | ||
| 010 | _a 90007925 | ||
| 020 | _a0198691157 | ||
| 020 | _a0192813897 (pbk.) | ||
| 040 |
_aDLC _cDLC _dDLC |
||
| 050 | 0 | 0 |
_aREF. PE1128 _b.O984 1991 vol. 3 _aPE1628 |
| 082 | 0 | 0 |
_a428 s _a423/.1 _221 |
| 100 | 1 |
_aFowler, H. W. _q(Henry Watson), _d1858-1933. _943036 |
|
| 245 | 1 | 2 |
_aA dictionary of modern English usage / _cby H.W. Fowler. |
| 250 |
_a2nd ed. rev. / _bby Sir Ernest Gowers. |
||
| 260 |
_aOxford [England] ; _aNew York : _bOxford University Press, _c1991. |
||
| 300 |
_axxii, 725 p. ; _c21 cm. |
||
| 440 | 4 |
_aThe Oxford library of English usage ; _vv. 3 _943037 |
|
| 650 | 0 |
_aEnglish language _xUsage _xDictionaries. _943038 |
|
| 700 | 1 |
_aGowers, Ernest, _d1880-1966. _943039 |
|
| 700 | 1 |
_aThomson A.J. _943181 |
|
| 700 | 1 |
_aMartinet, A.V. _943182 |
|
| 740 | 0 | _aModern English usage. | |
| 906 |
_a7 _bcbc _corignew _d1 _eocip _f19 _gy-gencatlg |
||
| 942 |
_2lcc _cREFERENCE |
||